| 000 | 00464nam a22001817a 4500 | ||
|---|---|---|---|
| 003 | OSt | ||
| 005 | 20180116183006.0 | ||
| 008 | 150806b xxu||||| |||| 00| 0 eng d | ||
| 020 | _a9781259004773 | ||
| 040 | _c0 | ||
| 082 | _a332.120685 SIN 2014 | ||
| 100 | _aKanhaiya Singh | ||
| 245 |
_aCommercial Bank Management _cKanhaiya Singh |
||
| 260 |
_aIndia _bMcGraw Hill _c2014 |
||
| 300 |
_a582 p. _bPB |
||
| 440 | _aCommercial Bank Management | ||
| 942 |
_2ddc _cBK |
||
| 999 |
_c350047 _d350047 |
||